Clasificacin̤ penitenciaria nuevo rǧimen jurd̕ico /

Detalles Bibliográficos
Autor principal: Leganš Gm̤ez, Santiago
Formato: Desconocido
Lenguaje:español
Publicado: Madrid : Dykinson, 2006
Edición:2a ed
Materias:
Acceso en línea:Acceso restringido

MARC

LEADER 00000ny a22000003n 4500
005 20110520151136.0
008 060516s2006 sp s 001 0 spa c
017 |a D.L. 902-2006 
020 |a 8497729889 
035 |a 1393 
040 |a UCA-JER  |d UMA.RE  |d vLex 
080 |a 343.26(460) 
080 |a 343.82(460) 
090 |c 132  |d 132 
100 1 |a Leganš Gm̤ez, Santiago 
245 1 0 |a Clasificacin̤ penitenciaria  |h [Recurso electrn̤ico]  |b nuevo rǧimen jurd̕ico /  |c Santiago Leganš Gm̤ez 
250 |a 2a ed 
256 |a Servicio en ln̕ea 
260 |a Madrid :  |b Dykinson,  |c 2006 
300 |a 192 p. ;  |c 21 cm 
500 |a Los datos del ISBN han sido tomado de la B.N.- ISBN 84-9772-988-1 (Cancelado) 
504 |a Bibliogr.: p.[315]-323 
506 1 |a Contenido solo disponible en los productos indicados  |d vLex Global  |d vLex Global (Academic Edition, excluding Law Schools)  |d vLex Global (U.S. Academic Edition, Law Schools)  |d vLex Global (U.S. Academic Edition, excluding Law Schools)  |d vLex Global (Academic Edition, Law Schools) 
650 0 7 |2 Tesauro vLex  |a Prisin̤ 
650 0 7 |2 Tesauro vLex  |a Penal 
650 0 7 |2 Tesauro vLex  |a Derecho penitenciario 
650 0 7 |2 Tesauro vLex  |a Clasificacin̤ penitenciaria 
740 0 |a vLex Libros (Servicios en ln̕ea) 
856 4 0 |z Acceso restringido  |u http://vlex.com/source/clasificaci-n-penitenciaria-1393 
942 |c BOOK 
999 0 |a Prisoners - Classification  |b Spain